| 000 | 01078nam a22003257a 4500 | ||
|---|---|---|---|
| 003 | CHAP | ||
| 005 | 20220329140337.0 | ||
| 008 | 971013s1975 r 00010 d | ||
| 010 | _a50717 | ||
| 011 | _a51689 | ||
| 035 | _a55839 | ||
| 040 | _cCHAP | ||
| 090 | _aFolleto 3156 | ||
| 100 | 0 | 0 |
_aVisser, Leontien E. _9119997 |
| 245 | _aplantes medicinales de la cote d'Ivoire, un etude etnobotanique... | ||
| 260 |
_aWageningen : _bVeenman & Zonen, _c1975 |
||
| 300 |
_a79 p. _b: ilus. |
||
| 490 |
_aMededelingen Landbouwhogeschool _v; 75-15 |
||
| 590 |
_aBATCH-UPD _b10 _c20130110 _lUCH01 _h1135 |
||
| 590 |
_aBATCH-UPD _b10 _c20130410 _lUCH01 _h0723 |
||
| 590 |
_aBATCH-UPD _b10 _c20130914 _lUCH01 _h0733 |
||
| 590 |
_aCONVERSION _b10 _c20130109 _lUCH01 _h1328 |
||
| 650 | 1 | 4 |
_aBotánica médica. _914680 |
| 650 | 1 | 4 |
_aBotánica _xAfrica. _914478 |
| 830 | 0 |
_aMededelingen Landbouwhogeschool _v; 75-15 _973858 |
|
| 901 | _aBK | ||
| 942 | _cFOLL | ||
| 949 |
_aFolleto 3156 _bBC _cFOLL _d-122298 _eLIBRO _i55839 _mD _si |
||
| 949 |
_aFolleto 3156 _bBC _cFOLL _d-122299 _eTS2 _fc.2 _i55839 _mD _si |
||
| 999 |
_c50717 _d50717 |
||